Kraje położone najbliżej Tanzanii - Statystyki

Ogólne statystyki
  • Ten quiz został rozwiązany 64 razy
  • Średni wynik to 16 z 20
Statystyki odpowiedzi
km kraj % Poprawnych
0 Kenia
98%
0 Rwanda
90%
425 Somalia
90%
649 Etiopia
88%
0 Mozambik
88%
0 Uganda
88%
770 Madagaskar
87%
0 Zambia
85%
611 Zimbabwe
85%
1201 Sudan
83%
497 Sudan Południowy
81%
1207 Botswana
77%
0 Burundi
77%
0 Malawi
75%
1201 Namibia
75%
327 Komory
71%
640 Seszele
71%
810 Angola
69%
755 Republika Środkowoafrykańska
67%
0 Dem Rep Konga
65%
Nie znaleziono quizów pasujących do podanych kryteriów
Rozkład punktacji
Procent ludzi z każdym wynikiem
Percentyl według liczby udzielonych odpowiedzi
Twoja historia wyników
Nie rozwiązałeś tego quizu